Pays du première empire colonial Français (Avec outremer) - Statistiques

Statistiques générales
  • Ce quiz a été pris 62 fois
  • Le résultat moyen est 25 sur 59
Statistiques - réponses
Pourcentage Pays % Correct
~30% Espagne
82%
~75% Italie
82%
~90% Allemagne
80%
100% Belgique
78%
100% France
78%
100% Pays-Bas
78%
~40% USA
78%
100% Luxembourg
74%
100% Andorre
72%
~75% Pologne
72%
~40% Autriche
68%
100% Monaco
68%
100% Suisse
68%
~90% Croatie
66%
~0,01% Russie
66%
100% Vatican
66%
100% Haïti
62%
~60% Slovénie
62%
100% Saint-Marin
60%
~100% Lituanie
58%
~50% Lettonie
56%
~95% Biélorussie
52%
~2% Inde
52%
~0,45% Grèce
48%
100% Liechtenstein
48%
100% Mexique
48%
100% Malte
40%
~95% Senegal
40%
100% République Dominicaine
38%
100% Cuba
34%
~50% Guyana
32%
100% Panama
32%
~60% Suriname
32%
100% Colombie
30%
100% Sainte-Lucie
30%
100% Salvador
30%
~70% Argentine
28%
~45% Bolivie
28%
100% Chili
28%
100% Guatemala
28%
~60% Indonésie
28%
100% Philippines
26%
~100% Venezuela
26%
100% Équateur
24%
~60% Honduras
24%
~25% Afrique du Sud
22%
~70% Pérou
22%
100% Antigua-et-Barbuda
20%
100% Gambie
20%
100% Ile Maurice
20%
~40% Sri Lanka
20%
100% Trinité-et-Tobago
20%
~50% Guinée
18%
~20% Gabon
16%
100% Guinée-Bissau
14%
100% Maldives
12%
100% Cap-Vert
10%
100% Saint-Pierre-et-Miquelon
2%
100% Sao Tomé-et-Principes
0%
Aucun quiz correspondant
Distribution des résultats
% des personnes avec chaque résultat
Percentile par nombre de réponses
Votre historique - résultats
Vous n’avez pas pris ce quiz